| 000 | 00000nam##2200000za#4500 |
| 001 | 9.536870 |
| 003 | CaOODSP |
| 005 | 20210615084512 |
| 007 | ta |
| 008 | 150406|2002||||xxc||||| f|0| 0 eng|d |
| 020 | |a0-660-62132-0 |
| 040 | |aCaOODSP|beng |
| 041 | |aeng |
| 041 | |afre |
| 043 | |an-cn--- |
| 086 | 1 |aBT31-4/55-2002 |
| 110 | 1 |aCanada. |bTreasury Board. |
| 245 | 10|aNatural Sciences and Engineering Research Council of Canada |
| 260 | |aOttawa - Ontario : |bTreasury Board of Canada Secretariat |c2002. |
| 300 | |avi, 41p. : |bfigs., graphs, organization charts, tables ; |c28 cm. |
| 490 | 1 |aPerformance report for the period ending March 31, 2002 |
| 500 | |aIncorrect catalogue number (BT31-4/36-2002) and ISBN (0-660-62106-1) printed in this publication. |
| 563 | |aSoftcover |
| 590 | |a02-46|b2002-11-15 |
| 690 | 07|aEngineering|2gcpds |
| 690 | 07|aEstimates|2gcpds |
| 690 | 07|aFederal institutions|2gcpds |
| 690 | 07|aNatural sciences|2gcpds |
| 690 | 07|aResearch|2gcpds |
| 776 | 0#|tConseil de recherches en sciences naturelles et en génie du Canada, rapport sur le rendement pour la période se terminant le 31 mars 2002 |w(CaOODSP)9.603242 |
| 776 | 0#|tNatural Sciences and Engineering Research Council of Canada, performance report for the period ending March 31, 2002 |w(CaOODSP)9.573000 |
| 792 | |tConseil de recherches en sciences naturelles et en génie du Canada |efre|w(CaOODSP)9.536871 |
| 830 | #0|aPerformance report for the period ending March 31, 2002.|w(CaOODSP)9.510738 |